[Event "RSA-chT U08"]
[Site "Cape Town"]
[Date "2016.01.05"]
[Round "4.1"]
[White "Lamont, Joshua"]
[Black "Datharam, Archana"]
[Result "1-0"]
[WhiteElo "689"]
[BlackElo "793"]
[PlyCount "35"]
[EventDate "2016.01.04"]
[EventType "team-tourn"]
[EventRounds "7"]
[EventCountry "RSA"]
[SourceTitle "CBM 170 Extra"]
[Source "ChessBase"]
[SourceDate "2016.02.25"]
[SourceVersion "1"]
[SourceVersionDate "2016.02.25"]
[SourceQuality "1"]
[WhiteTeam "Nelson Mandela Bay"]
[BlackTeam "Ethekwini"]
[WhiteTeamCountry "RSA"]
[BlackTeamCountry "RSA"]

1. e4 e5 2. Nf3 Nc6 3. Bc4 Bc5 4. b4 Bxb4 5. c3 Bc5 6. d4 exd4 7. Nxd4 Bxd4 8. cxd4 Nf6 9. 0-0 0-0 10. Ba3 Re8 11. Bb5 Rxe4 12. Bxc6 dxc6 13. Bb2 Bg4 14. f3 Rf4 15. fxg4 Rxg4 16. d5 Rg6 17. Bxf6 Qd7 18. Bc3 1-0